=LDR 00000nam 2200000 4500 =001 INLIS000000000030308 =005 20130612132449 =008 ***********************************eng** =035 ##$$0010-061300000030308 =041 ##$$a eng =082 ##$$a 150 =090 ##$$a 150, MOS g =100 ##$$a Moskowitz, Merle J =245 ##$$a General psychology, A Core text in human behavior, Merle J. Moskowitz, Arthur R. Orgel =260 ##$$a 1969 $b Boston =300 ##$$a xiii, 426 hlm., ilus., 23 cm =650 ##$$a Psikologi =700 ##$$a Orgel, Arthur R =850 ##$$a NBPNMAT